000 00659nam a2200193Ii 4500
003 JO-AjNU
008 230605s9999||||xx |||||||||||||| ||und||
040 _aJO-AjNU
_bara
_erda
_cJO-AjNU
041 _aara
050 1 4 _aHC415.26.J67.1997
100 3 _aوزارة التخطيط,
_eauthor
_945738
245 0 0 _aالخطة الاقتصادية والاجتماعية1993-1997
264 3 1 _aعمان:وزارة التخطيط،1997
300 _a182ص
336 _atext
_btxt
_2rdacontent
337 _aunmediated
_bn
_2rdamedia
338 _avolume
_bnc
_2rdacarrier
650 4 _aسياسة اقتصادية-سياسة اجتماعية-الاردن
_945739
999 _aA19848
_c23416
_d23416